01254nam a2200325Ia 4500001001200000003000800012006001900020007001500039008004100054016001600095020001500111040002100126035002100147050002200168100001700190245012500207260006100332300002400393504005100417533015200468650001900620650002900639650003900668650001600707650001600723655002900739710001700768856012600785999001700911ebr10085513CaPaEBRm u cr cn|||||||||030811s2003 bcca sb 001 0 eng c z20039112764 z0865714738 aCaPaEBRcCaPaEBR a(OCoLC)24476899114aGF75b.M47 2003eb1 aMerkel, Jim.10aRadical simplicityh[electronic resource] :bsmall footprints on a finite earth /cJim Merkel ; foreword by Vicki Robin. aGabriola Island, B.C. :bNew Society Publishers,cc2003. axxi, 248 p. :bill. aIncludes bibliographical references and index. aElectronic reproduction.bPalo Alto, Calif. :cebrary,d2009.nAvailable via World Wide Web.nAccess may be limited to ebrary affiliated libraries. 0aHuman ecology. 0aSustainable development. 0aNaturexEffect of human beings on. 0aSimplicity. 0aLifestyles. 7aElectronic books.2local2 aebrary, Inc.40uhttp://site.ebrary.com/lib/rucke/Doc?id=10085513zAn electronic book accessible through the World Wide Web; click to view c49672d49672